000 00500nam a2200181Ia 4500
008 090124s9999 xx 000 0 und d
082 _b112139
100 _aमाडगुळकर ग. दि.
245 _a गीतगोपाळ
250 _a1
260 _c1967
300 _a70
600 _aमाडगुळकर ग. दि.
630 _a गीतगोपाळ
700 _aमाडगुळकर ग. दि.
730 _a गीतगोपाळ
942 _cBOOK
999 _c158230
_d158230